LEADER 00984nam0-2200337---450- 001 990009750940403321 005 20130710151229.0 010 $a978-0-415-77905-0 035 $a000975094 035 $aFED01000975094 035 $a(Aleph)000975094FED01 035 $a000975094 100 $a20130710d2010----km-y0itay50------ba 101 0 $aeng 102 $aGB 105 $aa-------001yy 200 1 $aEnvironmental economics and natural resource management$fDavid A. Anderson 205 $a3. ed 210 $aLondon ; New York$cRoutledge$d2010 215 $axviii, 428 p.$cill.$d24 cm 610 0 $aEconomia ambientale 610 0 $aRisorse naturali$aGestione 676 $a333.7$v22$zita 700 1$aAnderson,$bDavid A.$0509744 801 0$aIT$bUNINA$gREICAT$2UNIMARC 901 $aBK 912 $a990009750940403321 952 $aVI M 174$b47828$fFSPBC 959 $aFSPBC 996 $aEnvironmental economics and natural resource management$9834010 997 $aUNINA LEADER 01374nam--2200421---450- 001 990002709320203316 005 20060412105923.0 010 $a1-84171-723-1 035 $a000270932 035 $aUSA01000270932 035 $a(ALEPH)000270932USA01 035 $a000270932 100 $a20060210d2005----km-y0itay0103----ba 101 $aeng 102 $aGB 105 $aa|||||||001yy 200 1 $aGurudakshina$efacets of Indian archaeology$eessays presented to Prof. V. N. Misra$fedited by Alok Kumar Kanungo 210 $aOxford$cBritish Archaeological Reports$d2005 215 $aVIII, 345 p.$cill.$d30 cm. 225 2 $aBAR international series$v1433$1001000018484$12001 410 $12001$aBAR international series$v1433 461 1$1001-------$12001 607 $aIndia$zAntichità 676 $a934 702 1$aKANUNGO,$bAlok Kumar 702 1$aMISRA,$bVirendra N. 801 0$aIT$bsalbc$gISBD 912 $a990002709320203316 951 $aXI.5. Coll.12/ 95(X B Coll. 53/1433)$b186369 L.M.$cX B Coll.$d00121799 959 $aBK 969 $aUMA 979 $aVITALE$b90$c20060210$lUSA01$h1520 979 $aVITALE$b90$c20060210$lUSA01$h1524 979 $aVITALE$b90$c20060210$lUSA01$h1525 979 $aCOPAT1$b90$c20060412$lUSA01$h1059 979 $aCHIARA$b90$c20160208$lUSA01$h1404 996 $aGurudakshina$91001817 997 $aUNISA LEADER 04062nam 22006495 450 001 9910878982703321 005 20260327120538.0 010 $a3-031-59341-3 024 7 $a10.1007/978-3-031-59341-3 035 $a(MiAaPQ)EBC31579297 035 $a(Au-PeEL)EBL31579297 035 $a(CKB)33600893600041 035 $a(DE-He213)978-3-031-59341-3 035 $a(EXLCZ)9933600893600041 100 $a20240801d2024 u| 0 101 0 $aeng 135 $aurcnu|||||||| 181 $ctxt$2rdacontent 182 $cc$2rdamedia 183 $acr$2rdacarrier 200 10$aAdvanced Imaging and Therapy in Neuro-Oncology /$fedited by Egesta Lopci, Luigi Mansi 205 $a1st ed. 2024. 210 1$aCham :$cSpringer Nature Switzerland :$cImprint: Springer,$d2024. 215 $a1 online resource (190 pages) 311 08$a3-031-59340-5 320 $aIncludes bibliographical references. 327 $aBasic clinics on diagnosis and treatment of brain tumors -- Advancements in brain tumor classification -- State of the art in radiological imaging -- Positron emission tomography with radiolabeled amino acid tracers -- New radiopharmaceuticals for brain tumor imaging -- Incremental role of radiomics and artificial intelligence -- Next frontiers in surgical management -- Current and future drugs for brain tumor treatment -- Radiation oncology and heavy ion therapy in brain tumor. 330 $aThis book covers all diagnostic and therapeutic aspects of neuro-oncological diseases. In the last decade, the management of brain tumors has been revolutionized following the new WHO classification and thanks to the introduction of molecular markers into the clinical routine. From an imaging point of view, the continuous technological developments and the implementation of various radiopharmaceuticals have paved the way to new clinical indications and has helped optimize patient management. In this context, a major breakthrough could derive from the introduction of radiomics and artificial intelligence in the diagnostic and therapeutic pathway. Not forgetting the emerging role of heavy-ion therapy as a complement to the innovative drugs and treatments adopted in medical oncology and radiation therapy. In the present book, all above-mentioned aspects are covered, starting with the novel standards for the WHO classification of brain tumors, to the up-to-date surgical techniques and advanced therapeutic approaches, passing through the currently available imaging modalities and ongoing developments embracing both radiology and nuclear medicine discipline. Imaging represents indeed the ?trait d'union? for all the arguments described in the book; therefore, in most chapters there are dedicated sessions focused on the role of imaging in each specific context. The publication aims to fill the gap between the clinicians and all professionals directly involved in the management of patients with brain tumors and the newest scientific outreach. Moreover, thanks to the comprehensive insight into the latest technological developments, scientists and researchers interested in the topic will find the book a useful tool for future studies and perspective discoveries. 606 $aNuclear medicine 606 $aOncology 606 $aNeurology 606 $aNuclear Medicine 606 $aOncology 606 $aNeurology 606 $aNeurologia$2thub 606 $aOncologia$2thub 606 $aMedicina nuclear$2thub 608 $aLlibres electrònics$2thub 615 0$aNuclear medicine. 615 0$aOncology. 615 0$aNeurology. 615 14$aNuclear Medicine. 615 24$aOncology. 615 24$aNeurology. 615 7$aNeurologia 615 7$aOncologia 615 7$aMedicina nuclear 676 $a616.99406 702 $aLopci$b Egesta 702 $aMansi$b Luigi 801 0$bMiAaPQ 801 1$bMiAaPQ 801 2$bMiAaPQ 906 $aBOOK 912 $a9910878982703321 996 $aAdvanced Imaging and Therapy in Neuro-Oncology$94206278 997 $aUNINA